Science Quiz

Random Science or Minefield Quiz

Anything but Human Bones Quiz Stats

 Plays Quiz Updated May 14, 2019

Score 0/170 Timer 04:00
23 Plays Today
% Correct
???
21.5%
???
21.1%
???
21.1%
???
21%
???
21%
???
21%
???
20.9%
???
20.9%
???
20.9%
???
20.8%
???
20.8%
???
20.8%
???
20.8%
???
20.8%
???
20.7%
???
20.7%
???
20.7%
???
20.7%
???
20.6%
???
20.6%
???
20.6%
???
20.6%
???
20.6%
???
20.5%
???
20.5%
???
20.5%
???
20.5%
???
20.4%
???
20.4%
???
20.4%
???
20.4%
???
20.3%
???
20.3%
???
20.2%
???
20.2%
???
20.2%
???
20.2%
???
20.2%
???
20.2%
???
20.2%
???
20.2%
???
20.2%
???
20.1%
???
20.1%
???
20.1%
???
20.1%
???
20%
???
20%
???
20%
???
20%
???
20%
???
20%
???
19.9%
???
19.9%
???
19.9%
???
19.9%
???
19.9%
% Correct
???
19.9%
???
19.8%
???
19.8%
???
19.8%
???
19.8%
???
19.8%
???
19.7%
???
19.7%
???
19.6%
???
19.5%
???
19.5%
???
19.5%
???
19.4%
???
19.4%
???
19.4%
???
19.4%
???
19.3%
???
19.3%
???
19.3%
???
19.3%
???
19.3%
???
19.3%
???
19.2%
???
19.1%
???
19.1%
???
19.1%
???
19.1%
???
19.1%
???
19%
???
19%
???
18.9%
???
18.9%
???
18.9%
???
18.8%
???
18.8%
???
18.8%
???
18.7%
???
18.7%
???
18.6%
???
18.6%
???
18.6%
???
18.6%
???
18.5%
???
18.5%
???
18.4%
???
18.4%
???
18.4%
???
18.4%
???
18.3%
???
18.2%
???
18.1%
???
18%
???
18%
???
18%
???
17.9%
???
17.9%
???
17.8%
% Correct
???
17.8%
???
17.6%
???
17.5%
???
17.5%
???
17.5%
???
17.4%
???
17.3%
???
17.3%
???
17.3%
???
17.2%
???
17%
???
16.9%
???
16.9%
???
16.9%
???
16.8%
???
16.8%
???
16.7%
???
16.7%
???
16.5%
???
16.5%
???
16.5%
???
16.2%
???
16%
???
16%
???
15.8%
???
15.8%
???
15.5%
???
15.5%
???
15.4%
???
14.9%
???
14.7%
???
14.7%
???
14.5%
???
14.4%
???
14.2%
???
14%
???
14%
???
12.8%
???
12.8%
???
12.8%
???
12.8%
???
12.6%
???
12.5%
???
12.4%
???
12.1%
???
11.8%
???
11.3%
???
11.2%
???
10.9%
???
10.3%
???
10%
???
9.6%
???
8.4%
???
8.3%
???
8.3%
???
8.2%

You're not logged in!

Compare scores with friends on all Sporcle quizzes.
OR
Log In

Show Comments

Extras

Top Quizzes Today


Score Distribution

Your Account Isn't Verified!

In order to create a playlist on Sporcle, you need to verify the email address you used during registration. Go to your Sporcle Settings to finish the process.

Report this User

Report this user for behavior that violates our Community Guidelines.

Details: